| 000 | 01021nam a2200301 a 4500 | ||
|---|---|---|---|
| 001 | 67252 | ||
| 003 | BD-RjUL | ||
| 005 | 20211209081630.0 | ||
| 008 | 170323s19731972enka b 001 0 eng | ||
| 020 | _a0851413080 (pbk.) | ||
| 020 | _a0851413099 (library ed.) | ||
| 035 | _a(BD-RjUL)67383 | ||
| 040 |
_aDLC _cDLC _dBD-RjUL _beng |
||
| 041 | _aeng | ||
| 082 |
_a550 _223 _bUND 1973 |
||
| 245 | 1 | 0 |
_aUnderstanding the earth : _ba reader in the earth sciences / _cedited by I. G. Gass, Peter J. Smith, R. C. L. Wilson at the Open University. |
| 250 | _a2nd ed. | ||
| 260 |
_aSussex : _bPublished for the Open University by the Artemis Press, _c1972 [ Reprinted 1973 ]. |
||
| 300 |
_a383 p. : _bill. ; _c26 cm. |
||
| 504 | _aIncludes bibliographical references and index. | ||
| 650 | 0 |
_aEarth sciences. _911266 |
|
| 700 | 1 |
_aGass, I. G. _9199260 |
|
| 700 | 1 |
_aSmith, Peter J., _9199261 |
|
| 700 | 1 |
_aWilson, R. C. L. _9199262 |
|
| 710 | 2 |
_aOpen University. _9199263 |
|
| 942 |
_2ddc _cBK |
||
| 999 |
_c67252 _d67252 |
||